Un médecin pas ordinaire, le docteur Véron. (Record no. 38550)

MARC details
000 -LEADER
fixed length control field 00518nam a22001931 4500
001 - CONTROL NUMBER
control field med47002278
003 - CONTROL NUMBER IDENTIFIER
control field DLC
005 - DATE AND TIME OF LATEST TRANSACTION
control field 20260227111605.0
008 - FIXED-LENGTH DATA ELEMENTS--GENERAL INFORMATION
fixed length control field 840906s1945 fr a 00000bfre
010 ## - LIBRARY OF CONGRESS CONTROL NUMBER
LC control number med47002278 //r84
040 ## - CATALOGING SOURCE
Original cataloging agency DLC/ICU
Transcribing agency ICU
050 0# - LIBRARY OF CONGRESS CALL NUMBER
Classification number R507.V4
Item number B5
082 0# - DEWEY DECIMAL CLASSIFICATION NUMBER
Classification number 926.1
100 10 - MAIN ENTRY--PERSONAL NAME
Personal name Binet, M. E.
245 13 - TITLE STATEMENT
Title Un médecin pas ordinaire, le docteur Véron.
260 0# - PUBLICATION, DISTRIBUTION, ETC.
Place of publication, distribution, etc. Paris,
Name of publisher, distributor, etc. Michel
Date of publication, distribution, etc. [c1945]
300 ## - PHYSICAL DESCRIPTION
Extent 324, [1] p.
Other physical details illus.
Dimensions 20 cm.
600 10 - SUBJECT ADDED ENTRY--PERSONAL NAME
Personal name Véron, Louis Désiré,
Dates associated with a name 1798-1867.

No items available.

Powered by Koha